000
00501nam a2200181Ia 4500
008
090124s9999 xx 000 0 und d
082
_b
128215
100
_a
भारद्वाज मंदाकिनी
245
_a
नाती
250
_a
1
260
_c
1998
300
_a
192
600
_a
भारद्वाज मंदाकिनी
630
_a
नाती
700
_a
भारद्वाज मंदाकिनी
730
_a
नाती
942
_c
BOOK
999
_c
174304
_d
174304